1282 1559 1975 1524 1396 1168 1572 1648 1433 1370 1765 1407 1898 1912 1700 1014 1774 1380 1303 1449 1984 1620 1907 1685 1311 1294 1410 1388 1349 1405 1765 1031 1993 1285 1315 1995 1352 1855 1884 1598 1593 1272 1593 1312 1960 1993 1136 1262 1435 1424 1282 1049 1033 1893 1443 1111 1383 1039 1043 1919 1068 1726 1935 1332 1536 1120 1174 1452 1073 1124 1836 1552 1620 1194 1943 1665 1023 1214 1379 1327 1302 1733 1617 1684 1529 1207 1043 1583 1351 1326 1890 1305 1382 1871 1066 1676 1645 1846 1594 BCNSPRNW ULIB Ver.6.0+V

เปลี่ยนเป็นภาษาไทย

Change to English
 แสดงรายละเอียดบรรณานุกรม
  กลับหน้าหลัก

Brief Record : Get Marc (ISO 2709) : E-mail record : QR code < ปิดหน้าต่าง
LEADER : 00000nas 2200000uu 4500
001    13399125082
003     ULIB
008    160620s2557||||th 000 0 tha d
110 1  สมาคมปราบวัณโรคแห่งประเทศไทย ในพระบรมราชูปถัมภ์
245 00 วารสารวัณโรค โรคทรวงอกและเวชบำบัดวิกฤต
246 0  Thai Journal of Tuberculosis chest diseases and critical care
310    ^aรายสามเดือน
850 ^a ULIB^bปีที่ 35 ฉบับที่ 4 ฉ.1
945    ^p0^l0^i903882
999    ^aเกษร โพธิ์สุวรรณ
รายการนี้ยังไม่มีแท็ก
คุณยังไม่ได้ล็อกอิน คุณสามารถมีกิจกรรมร่วมกับเว็บไซต์ได้ แต่ต้องล็อกอินก่อน ::
  ล็อกอิน

รายการสื่อสารสนเทศ (วารสาร)

ดูแบบ: กล่อง รายการ
ARRIVED
ปีที่ 35 ฉบับที่ 4 ฉ.1
สถานที่: ห้องสมุดวิทยาเขตสวรรค์ประชารักษ์ >หนังสือพิมพ์

BibComment


ยังไม่เคยถูกคอมเมนท์

คอมเมนท์ทรัพยากรรายการนี้
  คอมเมนท์: วารสารวัณโรค โรคท..


 Copyright 2026. Bcnsprnw @Library